书目信息 |
| 题名: |
高聚物生产技术
|
|
| 作者: | 张立新 主编 | |
| 分册: | ||
| 出版信息: | 北京 化学工业出版社 2014.02 |
|
| 页数: | 106页 | |
| 开本: | 26cm | |
| 丛书名: | ||
| 单 册: | ||
| 中图分类: | TQ316 | |
| 科图分类: | ||
| 主题词: | 高聚物--生产技术--高等职业教育--教材 , 高聚物 , 生产技术 | |
| 电子资源: | ||
| ISBN: | 978-7-122-19050-5 | |
| 000 | 01174nam0 2200277 450 | |
| 001 | 0120141210697 | |
| 005 | 20140610105230.07 | |
| 010 | @a978-7-122-19050-5@dCNY22.00 | |
| 100 | @a20140113d2014 em y0chiy0110 ea | |
| 101 | 0 | @achi |
| 102 | @aCN@b110000 | |
| 105 | @aak z 000yy | |
| 106 | @ar | |
| 200 | 1 | @a高聚物生产技术@9gao ju wu sheng chan ji shu@f张立新主编 |
| 210 | @a北京@c化学工业出版社@d2014.02 | |
| 215 | @a106页@c图@d26cm | |
| 300 | @a高职高专项目导向系列教材 | |
| 330 | @a本书主要内容共分为七个学习情境。情境一重点阐述了高聚物的基本理论知识、典型生产过程及高聚物生产岗位的主要工作任务;情境二、三、四、五、六、七分别选择了聚氯乙烯、聚丙烯、高密度聚乙烯、顺丁橡胶、聚酯及聚甲基丙烯酸甲酯共6种典型合成产品,以产品的生产过程为主线,介绍了每种产品的性能及用途、生产原理、主要岗位的工作任务、生产工艺流程及主要岗位生产技术等,将高分子化学的理论知识融于每个产品的生产过程,利于学生获得岗位知识及技能。 | |
| 333 | @a高职 | |
| 606 | 0 | @a高聚物@x生产技术@x高等职业教育@j教材 |
| 606 | 0 | @a高聚物 |
| 606 | 0 | @a生产技术 |
| 690 | @aTQ316@v5 | |
| 701 | 0 | @a张立新@9zhang li xin@4主编 |
| 801 | 0 | @aCN@b人天书店@c20140113 |
| 905 | @b846443-45@dTQ316@e11@f3 | |
| 高聚物生产技术/张立新主编.-北京:化学工业出版社,2014.02 |
| 106页:图;26cm |
| 高职高专项目导向系列教材.-使用对象:高职 |
| ISBN 978-7-122-19050-5:CNY22.00 |
| 本书主要内容共分为七个学习情境。情境一重点阐述了高聚物的基本理论知识、典型生产过程及高聚物生产岗位的主要工作任务;情境二、三、四、五、六、七分别选择了聚氯乙烯、聚丙烯、高密度聚乙烯、顺丁橡胶、聚酯及聚甲基丙烯酸甲酯共6种典型合成产品,以产品的生产过程为主线,介绍了每种产品的性能及用途、生产原理、主要岗位的工作任务、生产工艺流程及主要岗位生产技术等,将高分子化学的理论知识融于每个产品的生产过程,利于学生获得岗位知识及技能。 |
| ● |
| 相关链接 |
|
|
|
|
正题名:高聚物生产技术
索取号:TQ316/11
 
预约/预借
| 序号 | 登录号 | 条形码 | 馆藏地/架位号 | 状态 | 备注 |
| 1 | 846443 | 208464437 | 第二样本阅览室/ [索取号:TQ316/11] | 在馆 | |
| 2 | 846444 | 208464446 | 第三借阅区/ [索取号:TQ316/11] | 在馆 | |
| 3 | 846445 | 208464455 | 第三借阅区/ [索取号:TQ316/11] | 在馆 |